LEADER 01336nam a2200313 u 4500 001 000000047180 003 CaOOAMICUS 005 20070226114845.0 008 990729s1986 it u000 u ita u 020 $a8838411093 035 $a10831284 040 $aPUL(R)$bita 100 1 $aVillata, Giovanni.$0(OLS)http://pul/name/34303 245 10$aItinerario verso Dio nella vita quotidiano :$btra ricerca d'identitą e desiderio di senso /$cGiovanni Villata. 260 $aCasale Monferrato :$bPiemme,$cc1986. 300 $a116 p. ;$c21 cm 490 1 $aCollana giovani.$aDossier ;$v3 500 $aContiene indici. 504 $aBibliografia in nota. 650 4$aSpiritualitą.$0(OLS)http://pul/subject/843 650 4$aEducazione dei giovani.$0(OLS)http://pul/subject/1340 830 0$aCollana giovani.$pDossier ;$v3.$0(OLS)http://pul/title/63500 850 $aPUL 852 $aPUL$W1$xSL Religione 1$y3$m41 E 118$j63092$nBK-PRI$b $qStampati$B63092$CPULBib$Z2$F63092 $H $81 941 1 $a8 961 $aINV: 54534 996 $6020$a8838411093$9(OLS)http://pul/number/58799 996 $6245$aItinerario verso Dio nella vita quotidiano :$btra ricerca d'identitą e desiderio di senso$9(OLS)http://pul/title/63499 996 $6260$aCasale Monferrato :$bPiemme$9(OLS)http://pul/publisher/51813 LEADER 01202nam a2200265 a 4500 001 000000157329 003 CaOOAMICUS 005 20161212133535.0 008 161212s1988 au u000 u ger r 032 $aLibriCat 040 $aPUL$bita 100 1 $aFischer, Georg,$cS.I.,$d1954-$0(OLS)http://pul/name/55106 245 10$aJahwe unser Gott :$bSprache, Aufbau und Erzähltechnik in der Berufung des Mose (Ex 3-4) /$cGeorg Fischer SJ. 260 $aInnsbruck :$b[s.n.],$c1988. 300 $aiv, 33, xvii p. ;$c24 cm. 502 $aTesi -- Pontificio Istituto Biblico. 1988. 504 $aBibliografia in nota. 630 04$aBiblia.$pV.T.$pExodus$xCritica, interpretazione, ecc.$0(OLS)http://pul/subject/6714 710 2 $aPontificio istituto biblico.$kTesi.$0(OLS)http://pul/name/85533 850 $aPUL 852 $aPUL$W1$xDP1 Tesi Pon. Ist. Biblico$y33$mTH BIB 162$j180636$qTesi$B183754$CPULBib$Z2$F183754 $H61112 $82 941 1 $a16 996 $6245$aJahwe unser Gott :$bSprache, Aufbau und Erzähltechnik in der Berufung des Mose (Ex 3-4)$9(OLS)http://pul/title/108562 996 $6260$aInnsbruck :$b[s.n.]$9(OLS)http://pul/publisher/75593